000 01795nam a2200217Ia 4500
003 OSt
005 20260325181855.0
008 160316s2011 xxu||||| |||| 00| 0 eng d
020 _a9789381292150 (pbk)
082 _a346.03 PAN
100 _aPandey J. N.
245 _aLaw of torts :
_bwith consumer protection act and motor vehicles act /
_cDr. J. N. Pandey
250 _a8th ed.
260 _aAllahabad :
_bCentral Law Publications,
_c2011.
300 _axxxvi, 515 p. ;
_c24 cm.
365 _bRs. 300.00
505 _aContents: Chapter I- Nature and Definition of Tort; Chapter II- Foundation of Tortious Liability; Chapter III- General Conditions of Liability in Tort; Chapter IV- Mental Element in Torts; Chapter V- General Defences or Justification of Tort; Chapter VI- Personal Capacity; Chapter VII- General Remedies in Torts; Chapter VIII- Extinction of Liability in Tort; Chapter IX- Foreign Torts; Chapter X- Doctrine of Remoteness of Damage; Chapter XI- Nervous Shock; Chapter XII- Joint Tortfeasors; Chapter XIII- Vicarious Liability; Chapter XIV- Trespass to Person; Chapter XV- Defamation; Chapter XVI- Wrongs related to Domestic Relationship; Chapter XVII- Malicious Prosecution; Chapter XVIII- Trespass to Immovable Property; Chapter XIX- Wrongs to Movable Property; Chapter XX- Negligence; Chapter XXI- Liability for Animals; Chapter XXII- Liability for Dangerous Premises; Chapter XXIII- No fault liability- Motor Vehicles Act, 1988; Chapter XXIV- The Rule of Strict Liability; Chapter XXV- Nuisance; Chapter XXVI- Interference with Contractual Relations; Chapter XXVII- Torts to Incorporeal Personal Property; Chapter XXVIII- Consumer Protection Act, 1986.
650 _aTorts Law - Consumer Protection
700 _a
_a
942 _2ddc
_cBK
999 _c29514
_d29514